000 00461nam a22001937a 4500
003 MPLRDC
005 20220104114002.0
008 210129b ||||| |||| 00| 0 eng d
020 _a957-645-437-9
082 _a848.4 JPA-9
100 _a江心编
245 _a废都之谜
_c
250 _a初版
260 _a
_b风云时代出版股份有限
_c1994
300 _b
490 _a现代系列;8
650 _a现代别集
942 _cBK
_o848.4 JPA-9
999 _c3923
_d3913